000 00869nam a2200229Ii 4500
003 JO-AjNU
008 230605s9999||||xx |||||||||||||| ||und||
017 _a2011/8/3120
020 _a978-9957-07-958-1
040 _aJO-AjNU
_bara
_erda
_cJO-AjNU
041 _aara
050 1 4 _aBF441.J37.2013
100 3 _aجروان، فتحي عبد الرحمن,
_eauthor
_942859
245 0 0 _aتعليم التفكير:مفاهيم وتطبيقات
250 _aط6
264 3 1 _aعمان:دار الفكر ناشرون وموزعون ،2013
300 _a344ص
_bالملاحق من ص 325-ص333 ، تعريف المصطلحات من ص336-ص344
336 _atext
_btxt
_2rdacontent
337 _aunmediated
_bn
_2rdamedia
338 _avolume
_bnc
_2rdacarrier
650 4 _aالتفكير-طرق التعلم-الابداعية-علم النفس التربوي
_942860
999 _aA18383
_c21951
_d21951